000 00461nam a22001697a 4500
005 20251108171239.0
008 250721s1987 xx 000 0 ara d
082 1 4 _a211.2/غزة
100 1 _aدعاس، عزة عبيد
245 1 0 _aفن التجويد /
264 1 _aبيروت :
_bدار الندوة الجديدة،
_c1987.
300 _a102ص.
650 1 7 _aالقرآن الكريم
650 1 7 _aتجويد
942 _2ddc
_cBK
999 _c60367
_d60367